000 00547nam a22002297a 4500
005 20250207154835.0
008 220316b1940 xxu||||| |||| 00| 0 spa d
020 _a8426112234
041 _aESP
_aING
082 _aR 380.103 F897d5
100 _aFrías-Sucre Giraud, Alejandro
245 _aDiccionario comercial
250 _a5 Edición
260 _aEspaña
260 _bEditorial Juventud
260 _c1985
300 _a140 páginas
650 _aDICCIONARIOS
650 _aCOMERCIO
650 _aINGLÉS
942 _cREF
_2ddc
999 _c13256
_d13256